| 000 | 00757cam a2200181 4500 | ||
|---|---|---|---|
| 001 | WB3724-52 | ||
| 008 | 000000n2001 000 0 eng u | ||
| 035 | _a(Sirsi) u113128 | ||
| 245 | _aBlair promotes transport | ||
| 260 | _c2001 | ||
| 490 |
_aNew Civil Engineer _v14 June 2001, 6(1) |
||
| 520 | _aThrough his post election cabinet reshuffle, the Prime Minister has raised the profile of transport within government. The appointment of John Spellar as Transport Minister, and Stephen Byers as secretary of state for transport, local government and the regions, has been welcomed by campaigners as a 'promotion for transport'. | ||
| 590 | _aWB | ||
| 650 | _aGOVERNMENT | ||
| 650 | _aPROFILE | ||
| 690 | _aTRANSPORT AND COMMUNICATIONS | ||
| 942 | _n0 | ||
| 999 |
_c67351 _d67351 |
||